[Event "Sveshnikots"]
[Site "SchemingMind.com"]
[Date "2007.10.17"]
[Round "-"]
[White "mikhailtal"]
[Black "javilez"]
[Result "0-1"]
[WhiteCountry "ENG"]
[BlackCountry "NCA"]
[WhiteElo "1850"]
[WhiteRD "74"]
[BlackElo "1742"]
[BlackRD "56"]
[GameID "124675"]

1. e4 c5 2. Nf3 Nc6 3. d4 cxd4 4. Nxd4 Nf6 5. Nc3 e5 6. Ndb5 a6 7. Na3 b5 8. Bg5 b4 9. Bxf6 gxf6 10. Nab1 bxc3
11. Nxc3 Bb4 12. Qd3 Bb7 13. O-O-O Nd4 14. Nd5 Ba5 15. c3 Rc8 16. Kb1 Bxd5 17. exd5 Nb5 18. Be2 Nxc3+ 19. bxc3 Qb6+
0-1

[Event "Sveshnikots"]
[Site "SchemingMind.com"]
[Date "2007.10.16"]
[Round "-"]
[White "mikhailtal"]
[Black "Schaakmaatje"]
[Result "1-0"]
[WhiteCountry "ENG"]
[BlackCountry "NED"]
[WhiteElo "1863"]
[WhiteRD "71"]
[BlackElo "1859"]
[BlackRD "52"]
[GameID "124676"]

1. e4 c5 2. Nf3 Nc6 3. d4 cxd4 4. Nxd4 Nf6 5. Nc3 e5 6. Ndb5 d6 7. Bg5 a6 8. Na3 Be7 9. Nc4 b5 10. Bxf6 gxf6
11. Ne3 Be6 12. a4 b4 13. Ncd5 Qa5 14. Qd2 Rb8 15. b3 Qc5 16. O-O-O Nd4 17. Bc4 Rg8 18. f3 a5 19. Qd3 Bd7 20. Rd2 Bd8
21. h3 Be6 22. f4 Rg3 23. f5 Bxd5 24. Bxd5 Nxc2 25. Rxc2 Rxe3 26. Rxc5 Rxd3 27. Rc6 Rb6 28. Rc8 Kd7 29. Ra8 Rc3+ 30. Kb2 Rc5
31. Rc1 Rxc1 32. Kxc1 Rc6+ 33. Bxc6+
1-0

[Event "Sveshnikots"]
[Site "SchemingMind.com"]
[Date "2007.10.16"]
[Round "-"]
[White "mikhailtal"]
[Black "Stavrogin"]
[Result "0-1"]
[WhiteCountry "ENG"]
[BlackCountry "GER"]
[WhiteElo "1863"]
[WhiteRD "71"]
[BlackElo "2129"]
[BlackRD "82"]
[GameID "124677"]

1. e4 c5 2. Nf3 Nc6 3. d4 cxd4 4. Nxd4 Nf6 5. Nc3 e5 6. Ndb5 d6 7. Bg5 a6 8. Na3 b5 9. Nd5 Be7 10. Nxe7 Nxe7
11. Bxf6 gxf6 12. c3 f5 13. f3 O-O 14. c4 Qa5+ 15. Qd2 Qxd2+ 16. Kxd2 b4 17. Nc2 a5 18. b3 fxe4 19. fxe4 f5 20. Bd3 f4
21. Rhf1 Ng6 22. Ne1 Nh4 23. Be2 Bb7 24. Bf3 Rf6 25. Nd3 Rh6 26. Rf2 Ng6 27. Rh1 Ne7 28. Ne1 Nc6 29. Kc2 Nd4+ 30. Kb2 a4
31. Nc2 axb3 32. axb3 Nc6 33. h3 Rf6 34. Rd2 Kf7 35. Rhd1 Ke7 36. Ra1 Rff8 37. Bg4 Rxa1 38. Kxa1 Na5 39. Kb2 Bxe4 40. Re2 Bxc2
41. Rxc2 Nc6 42. Rd2 Nd4 43. Rd3 Rg8 44. Kc1 h5 45. Bxh5 Rxg2 46. Bd1 Rh2 47. Bg4 f3 48. Bxf3 Rxh3 49. Rxd4 exd4 50. Bd1 Rh2
51. Bc2 Kf6
0-1

[Event "Sveshnikots"]
[Site "SchemingMind.com"]
[Date "2007.10.16"]
[Round "-"]
[White "jdcald13"]
[Black "mikhailtal"]
[Result "0-1"]
[WhiteCountry "USA"]
[BlackCountry "ENG"]
[WhiteElo "1907"]
[WhiteRD "49"]
[BlackElo "1850"]
[BlackRD "74"]
[GameID "124678"]

1. e4 c5 2. Nf3 Nc6 3. d4 cxd4 4. Nxd4 Nf6 5. Nc3 e5 6. Ndb5 d6 7. Bg5 a6 8. Na3 b5 9. Nd5 Be7 10. Nxe7 Qxe7
11. c4 b4 12. Nc2 Bb7 13. Be2 O-O 14. O-O a5 15. Ne3 Nd4 16. Nd5 Bxd5 17. cxd5 h6 18. Bxf6 Qxf6 19. Rc1 Rac8 20. Qd2 Qf4
0-1

[Event "Sveshnikots"]
[Site "SchemingMind.com"]
[Date "2007.10.16"]
[Round "-"]
[White "Lazaro"]
[Black "mikhailtal"]
[Result "1/2-1/2"]
[WhiteCountry "CUB"]
[BlackCountry "ENG"]
[WhiteElo "1874"]
[WhiteRD "51"]
[BlackElo "1863"]
[BlackRD "71"]
[GameID "124679"]

1. e4 c5 2. Nf3 Nc6 3. d4 cxd4 4. Nxd4 Nf6 5. Nc3 e5 6. Ndb5 d6 7. Bg5 a6 8. Na3 Be7 9. Bxf6 Bxf6 10. Nd5 b5
11. c4 b4 12. Nc2 a5 13. Be2 Be6 14. Nxf6+ gxf6 15. Qd3 Qd7 16. Rd1 Rd8 17. b3 O-O 18. Qg3+ Kh8 19. Qh4 f5 20. Qf6+ Kg8
21. exf5 Bxf5 22. Ne3 Be6 23. Nd5 Bxd5 24. cxd5 Nd4 25. Rd3 Nxe2 26. Kxe2 Qg4+ 27. Kf1 Rc8 28. Qh6 Kh8 29. h3 Qg6 30. Qd2 Rc1+
31. Qxc1 Qxd3+ 32. Kg1 Qxd5 33. Qh6 Rc8 34. Qf6+ Kg8 35. Qg5+ Kf8=
1/2-1/2

[Event "Sveshnikots"]
[Site "SchemingMind.com"]
[Date "2007.10.16"]
[Round "-"]
[White "kisei"]
[Black "mikhailtal"]
[Result "1-0"]
[WhiteCountry "HUN"]
[BlackCountry "ENG"]
[WhiteElo "2034"]
[WhiteRD "71"]
[BlackElo "1850"]
[BlackRD "74"]
[GameID "124680"]

1. e4 c5 2. Nf3 Nc6 3. d4 cxd4 4. Nxd4 Nf6 5. Nc3 e5 6. Ndb5 d6 7. Bg5 a6 8. Na3 Be7 9. Nc4 b5 10. Bxf6 gxf6
11. Ne3 Be6 12. a4 b4 13. Ncd5 O-O 14. Bc4 Na5 15. Bd3 Nc6 16. Nf5 Bxf5 17. exf5 Kh8 18. O-O Rg8 19. Re1 Qa5 20. Be4 Rad8
21. Qd3 Rg5 22. c3 bxc3 23. b4 Nxb4 24. Qxc3 Bf8 25. Qxb4 Qxb4 26. Nxb4 a5 27. Nd5 Bh6 28. Nxf6 Kg7 29. h4
1-0

[Event "Sveshnikots"]
[Site "SchemingMind.com"]
[Date "2007.10.16"]
[Round "-"]
[White "javilez"]
[Black "mikhailtal"]
[Result "0-1"]
[WhiteCountry "NCA"]
[BlackCountry "ENG"]
[WhiteElo "1742"]
[WhiteRD "56"]
[BlackElo "1850"]
[BlackRD "74"]
[GameID "124681"]

1. e4 c5 2. Nf3 Nc6 3. d4 cxd4 4. Nxd4 Nf6 5. Nc3 e5 6. Nb3 Bb4 7. Bg5 Bxc3+ 8. bxc3 h6 9. Bxf6 Qxf6 10. g4 O-O
11. Be2 Rd8 12. Rb1 b6 13. a4 Qe6 14. Qd5 Qxd5 15. exd5 Ne7 16. d6 Nc6 17. O-O Re8 18. h4 Re6 19. Rfd1 Rb8 20. Bd3 e4
21. Bc4 Rg6 22. Be2 Ne5
0-1

[Event "Sveshnikots"]
[Site "SchemingMind.com"]
[Date "2007.10.16"]
[Round "-"]
[White "Schaakmaatje"]
[Black "mikhailtal"]
[Result "1/2-1/2"]
[WhiteCountry "NED"]
[BlackCountry "ENG"]
[WhiteElo "1859"]
[WhiteRD "52"]
[BlackElo "1863"]
[BlackRD "71"]
[GameID "124682"]

1. e4 c5 2. Nf3 Nc6 3. d4 cxd4 4. Nxd4 Nf6 5. Nc3 e5 6. Ndb5 d6 7. Nd5 Nxd5 8. exd5 Ne7 9. Qf3 a6 10. Nc3 Ng6
11. Be3 b5 12. Bd3 Be7 13. O-O O-O 14. g4 Nh4 15. Qg3 f5 16. gxf5 Nxf5 17. Bxf5 Bxf5 18. Kh1 Bxc2 19. Rg1 Bf6 20. Rac1 Bg6
21. Rg2 Rc8 22. Rcg1 Rf7 23. a3 Rfc7 24. Bb6 Rb8 25. Bxc7 Qxc7 26. h4 b4 27. axb4 Rxb4 28. Rh2 Rxb2 29. h5 Bf7 30. Qd3 Rb3
31. Rh3 e4 32. Qxa6 Bxc3 33. h6 g6 34. Rc1 Bxd5 35. Re3 Qb7 36. Qxb7 Bxb7 37. Rcxc3 Rxc3 38. Rxc3 e3+ 39. Kg1 e2 40. Re3 Ba6
41. f4 Kf7 42. Kf2 Kf6 43. Re8 g5 44. fxg5+ Kxg5 45. Re6 Bc4 46. Rxd6 Kh5 47. Ke1=
1/2-1/2

[Event "Sveshnikots"]
[Site "SchemingMind.com"]
[Date "2007.10.16"]
[Round "-"]
[White "Stavrogin"]
[Black "mikhailtal"]
[Result "1-0"]
[WhiteCountry "GER"]
[BlackCountry "ENG"]
[WhiteElo "2061"]
[WhiteRD "89"]
[BlackElo "1850"]
[BlackRD "74"]
[GameID "124683"]

1. e4 c5 2. Nf3 Nc6 3. d4 cxd4 4. Nxd4 Nf6 5. Nc3 e5 6. Ndb5 d6 7. Bg5 a6 8. Na3 Be7 9. Nc4 b5 10. Bxf6 gxf6
11. Ne3 Be6 12. Ncd5 O-O 13. Bd3 Kh8 14. O-O Rg8 15. f4 exf4 16. Rxf4 Ne5 17. Nf5 Bf8 18. Rh4 Bxf5 19. exf5 Bg7 20. a4 bxa4
21. Raxa4 a5 22. Rh3 h6 23. Qd2 Kh7 24. Rah4
1-0

[Event "Sveshnikots"]
[Site "SchemingMind.com"]
[Date "2007.10.18"]
[Round "-"]
[White "Manuel Angel"]
[Black "mikhailtal"]
[Result "0-1"]
[WhiteCountry "ESP"]
[BlackCountry "ENG"]
[WhiteElo "1758"]
[WhiteRD "73"]
[BlackElo "1850"]
[BlackRD "74"]
[GameID "124823"]

1. e4 c5 2. Nf3 Nc6 3. d4 cxd4 4. Nxd4 Nf6 5. Nc3 e5 6. Ndb5 d6 7. Bg5 a6 8. Na3 b5 9. Bxf6 gxf6 10. Nd5 Bg7
11. Bd3 Ne7 12. Nxe7 Qxe7 13. c4 b4 14. Nc2 a5 15. O-O O-O 16. Ne3 Be6 17. Re1 Bh6 18. Nd5 Bxd5
0-1

[Event "Sveshnikots"]
[Site "SchemingMind.com"]
[Date "2007.10.17"]
[Round "-"]
[White "Manuel Angel"]
[Black "jdcald13"]
[Result "1-0"]
[WhiteCountry "ESP"]
[BlackCountry "USA"]
[WhiteElo "1758"]
[WhiteRD "73"]
[BlackElo "1907"]
[BlackRD "49"]
[GameID "124824"]

1. e4 c5 2. Nf3 Nc6 3. d4 cxd4 4. Nxd4 Nf6 5. Nc3 e5 6. Ndb5 d6 7. Bg5 a6 8. Na3 Be7 9. Nc4 b5 10. Ne3 b4
11. Bxf6 Bxf6 12. Ncd5 O-O 13. Bc4 Bb7 14. O-O Bg5 15. a3 Bxe3 16. Nxe3 a5 17. Nf5 Qf6 18. Qxd6 Qxd6 19. Nxd6 Ba6 20. Rfd1 Rfd8
21. Bxf7+ Kf8 22. axb4 Nxb4 23. Bb3 Be2 24. Rd2 Ra6 25. Rxe2 Raxd6 26. h4 Rd1+ 27. Rxd1 Rxd1+ 28. Kh2 Rb1 29. c3 Na6 30. f3 Nc5
31. Ba2 Ra1 32. Bc4 a4 33. Rd2 a3 34. bxa3 Rxa3 35. Rd8+ Ke7 36. Rd5 Nd7 37. Bb5 Nf6 38. Rxe5+ Kd6 39. Rg5
1-0

[Event "Sveshnikots"]
[Site "SchemingMind.com"]
[Date "2007.10.16"]
[Round "-"]
[White "Manuel Angel"]
[Black "Lazaro"]
[Result "0-1"]
[WhiteCountry "ESP"]
[BlackCountry "CUB"]
[WhiteElo "1758"]
[WhiteRD "73"]
[BlackElo "1900"]
[BlackRD "58"]
[GameID "124825"]

1. e4 c5 2. Nf3 Nc6 3. d4 cxd4 4. Nxd4 Nf6 5. Nc3 e5 6. Ndb5 d6 7. Bg5 a6 8. Na3 b5 9. Nd5 Be7 10. Bxf6 Bxf6
11. c3 O-O 12. Nc2 Bg5 13. a4 bxa4 14. Rxa4 f5 15. Bc4 Kh8 16. exf5 Rxf5 17. h4 Bh6 18. Nce3 Rf4 19. Nxf4 Bxf4 20. Bd5 Bd7
0-1

[Event "Sveshnikots"]
[Site "SchemingMind.com"]
[Date "2007.10.17"]
[Round "-"]
[White "Manuel Angel"]
[Black "kisei"]
[Result "0-1"]
[WhiteCountry "ESP"]
[BlackCountry "HUN"]
[WhiteElo "1758"]
[WhiteRD "73"]
[BlackElo "2034"]
[BlackRD "71"]
[GameID "124826"]

1. e4 c5 2. Nf3 Nc6 3. d4 cxd4 4. Nxd4 Nf6 5. Nc3 e5 6. Ndb5 d6 7. Nd5 Nxd5 8. exd5 Nb8 9. Be3 a6 10. Nc3 Nd7
11. Be2 Be7 12. O-O O-O 13. Qd2 f5 14. f3 b5
0-1

[Event "Sveshnikots"]
[Site "SchemingMind.com"]
[Date "2007.10.17"]
[Round "-"]
[White "Manuel Angel"]
[Black "javilez"]
[Result "0-1"]
[WhiteCountry "ESP"]
[BlackCountry "NCA"]
[WhiteElo "1758"]
[WhiteRD "73"]
[BlackElo "1742"]
[BlackRD "56"]
[GameID "124827"]

1. e4 c5 2. Nf3 Nc6 3. d4 cxd4 4. Nxd4 Nf6 5. Nc3 e5 6. Ndb5 a6 7. Nd6+ Bxd6 8. Qxd6 Qe7 9. Qxe7+ Nxe7 10. Bg5 Nfg8
11. a4 b6 12. f3 Bb7
0-1

[Event "Sveshnikots"]
[Site "SchemingMind.com"]
[Date "2007.10.17"]
[Round "-"]
[White "Manuel Angel"]
[Black "Schaakmaatje"]
[Result "0-1"]
[WhiteCountry "ESP"]
[BlackCountry "NED"]
[WhiteElo "1758"]
[WhiteRD "73"]
[BlackElo "1803"]
[BlackRD "57"]
[GameID "124828"]

1. e4 c5 2. Nf3 Nc6 3. d4 cxd4 4. Nxd4 Nf6 5. Nc3 e5 6. Ndb5 d6 7. Bg5 a6 8. Na3 b5 9. Nd5 Be7 10. Bxf6 Bxf6
11. c3 Bg5 12. Nc2 O-O 13. a4 bxa4 14. Rxa4 f5 15. Bc4 Kh8 16. exf5 Bxf5 17. O-O Bh6 18. Nce3 Be6 19. Nb4 Nxb4 20. Bxe6 Qf6
21. Bc4 Nc6 22. Ng4 Qg6
0-1

[Event "Sveshnikots"]
[Site "SchemingMind.com"]
[Date "2007.10.16"]
[Round "-"]
[White "Manuel Angel"]
[Black "Stavrogin"]
[Result "0-1"]
[WhiteCountry "ESP"]
[BlackCountry "GER"]
[WhiteElo "1758"]
[WhiteRD "73"]
[BlackElo "2061"]
[BlackRD "89"]
[GameID "124829"]

1. e4 c5 2. Nf3 Nc6 3. d4 cxd4 4. Nxd4 Nf6 5. Nc3 e5 6. Ndb5 d6 7. Bg5 a6 8. Na3 b5 9. Bxf6 gxf6 10. Nd5 f5
11. Bd3 Be6 12. O-O Bxd5 13. exd5 Ne7 14. Nxb5 Bg7 15. Nc3 e4 16. Be2 O-O 17. Qd2 Ng6
0-1

[Event "Sveshnikots"]
[Site "SchemingMind.com"]
[Date "2007.10.18"]
[Round "-"]
[White "mikhailtal"]
[Black "Manuel Angel"]
[Result "1-0"]
[WhiteCountry "ENG"]
[BlackCountry "ESP"]
[WhiteElo "1850"]
[WhiteRD "74"]
[BlackElo "1758"]
[BlackRD "73"]
[GameID "124830"]

1. e4 c5 2. Nf3 Nc6 3. d4 cxd4 4. Nxd4 Nf6 5. Nc3 e5 6. Ndb5 d6 7. Bg5 a6 8. Na3 b5 9. Nd5 Be7 10. Bxf6 Bxf6
11. c3 O-O 12. Nc2 Bg5 13. h4 Bh6 14. g4 f6 15. Rg1 Rb8 16. g5
1-0

[Event "Sveshnikots"]
[Site "SchemingMind.com"]
[Date "2007.10.18"]
[Round "-"]
[White "jdcald13"]
[Black "Manuel Angel"]
[Result "1-0"]
[WhiteCountry "USA"]
[BlackCountry "ESP"]
[WhiteElo "1907"]
[WhiteRD "49"]
[BlackElo "1758"]
[BlackRD "73"]
[GameID "124831"]

1. e4 c5 2. Nf3 Nc6 3. d4 cxd4 4. Nxd4 Nf6 5. Nc3 e5 6. Ndb5 a6 7. Nd6+ Bxd6 8. Qxd6 Qe7 9. Qxe7+ Nxe7 10. Bg5 b5
11. O-O-O Bb7 12. f3 O-O-O 13. Bxf6 gxf6 14. a4 b4 15. Nd5 Nxd5 16. exd5 Kc7 17. Bc4 Kd6 18. g4 h5 19. h3 hxg4 20. hxg4 Kc5
21. b3 a5 22. Kb2 Rc8 23. c3 bxc3+ 24. Kxc3 Rxh1 25. Rxh1 Bxd5 26. Bxd5 Kxd5+ 27. Kd3 Ke6 28. Re1 d5 29. f4 d4 30. g5 Kd5
31. gxf6
1-0

[Event "Sveshnikots"]
[Site "SchemingMind.com"]
[Date "2007.10.16"]
[Round "-"]
[White "Lazaro"]
[Black "Manuel Angel"]
[Result "1-0"]
[WhiteCountry "CUB"]
[BlackCountry "ESP"]
[WhiteElo "1900"]
[WhiteRD "58"]
[BlackElo "1758"]
[BlackRD "73"]
[GameID "124832"]

1. e4 c5 2. Nf3 Nc6 3. d4 cxd4 4. Nxd4 Nf6 5. Nc3 e5 6. Ndb5 d6 7. Bg5 a6 8. Na3 b5 9. Nd5 Be7 10. Bxf6 Bxf6
11. c4 b4 12. Nc2 Rb8 13. b3 Bg5 14. Qd3 O-O 15. Be2 f5 16. Bf3 f4 17. Nxf4
1-0

[Event "Sveshnikots"]
[Site "SchemingMind.com"]
[Date "2007.10.16"]
[Round "-"]
[White "javilez"]
[Black "Manuel Angel"]
[Result "1-0"]
[WhiteCountry "NCA"]
[BlackCountry "ESP"]
[WhiteElo "1742"]
[WhiteRD "56"]
[BlackElo "1758"]
[BlackRD "73"]
[GameID "124834"]

1. e4 c5 2. Nf3 Nc6 3. d4 cxd4 4. Nxd4 Nf6 5. Nc3 e5 6. Nb3 Bb4 7. Bg5 d6 8. Bc4 O-O 9. O-O Bxc3 10. bxc3 h6
11. Bxf6 Qxf6 12. Nd2
1-0

[Event "Sveshnikots"]
[Site "SchemingMind.com"]
[Date "2007.10.16"]
[Round "-"]
[White "Schaakmaatje"]
[Black "Manuel Angel"]
[Result "1-0"]
[WhiteCountry "NED"]
[BlackCountry "ESP"]
[WhiteElo "1803"]
[WhiteRD "57"]
[BlackElo "1758"]
[BlackRD "73"]
[GameID "124835"]

1. e4 c5 2. Nf3 Nc6 3. d4 cxd4 4. Nxd4 Nf6 5. Nc3 e5 6. Ndb5 d6 7. Nd5 Nxd5 8. exd5 Nb8 9. Qf3 Be7 10. Qa3 O-O
11. Be3 a5 12. Be2 Na6 13. O-O Bf5 14. c3 Re8 15. Rfe1 b6 16. Qa4 Nc5 17. Qd1
1-0

[Event "Sveshnikots"]
[Site "SchemingMind.com"]
[Date "2007.10.16"]
[Round "-"]
[White "Stavrogin"]
[Black "Manuel Angel"]
[Result "1-0"]
[WhiteCountry "GER"]
[BlackCountry "ESP"]
[WhiteElo "2061"]
[WhiteRD "89"]
[BlackElo "1758"]
[BlackRD "73"]
[GameID "124836"]

1. e4 c5 2. Nf3 Nc6 3. d4 cxd4 4. Nxd4 Nf6 5. Nc3 e5 6. Ndb5 d6 7. Bg5 a6 8. Na3 b5 9. Nd5 Be7 10. Bxf6 Bxf6
11. c4 b4 12. Nc2 O-O 13. h4 h6 14. g3
1-0

[Event "Sveshnikots"]
[Site "SchemingMind.com"]
[Date "2007.10.19"]
[Round "-"]
[White "Orome"]
[Black "mikhailtal"]
[Result "1-0"]
[WhiteCountry "SUI"]
[BlackCountry "ENG"]
[WhiteElo "1925"]
[WhiteRD "86"]
[BlackElo "1850"]
[BlackRD "74"]
[GameID "125191"]

1. e4 c5 2. Nf3 Nc6 3. d4 cxd4 4. Nxd4 Nf6 5. Nc3 e5 6. Ndb5 d6 7. Bg5 a6 8. Na3 b5 9. Bxf6 gxf6 10. Nd5 f5
11. c3 fxe4 12. Bxb5 axb5 13. Nxb5 Ra7 14. Nxa7 Nxa7 15. Qa4+ Qd7 16. Nf6+
1-0

[Event "Sveshnikots"]
[Site "SchemingMind.com"]
[Date "2007.10.19"]
[Round "-"]
[White "Orome"]
[Black "jdcald13"]
[Result "0-1"]
[WhiteCountry "SUI"]
[BlackCountry "USA"]
[WhiteElo "1925"]
[WhiteRD "86"]
[BlackElo "1907"]
[BlackRD "49"]
[GameID "125192"]

1. e4 c5 2. Nf3 Nc6 3. d4 cxd4 4. Nxd4 Nf6 5. Nc3 e5 6. Ndb5 d6 7. Bg5 a6 8. Na3 Be7 9. Nc4 b5 10. Ne3 b4
11. Bxf6 Bxf6 12. Ncd5 O-O 13. Nxf6+ Qxf6 14. Nd5 Qg6 15. Qd2 Qxe4+ 16. Ne3 Nd4 17. Bd3 Qb7 18. f3 Be6 19. c3 bxc3 20. bxc3 Nc6
21. Be4 Qd7 22. Nd5 Rab8 23. g4 f5 24. gxf5 Bxf5 25. Qg5 Bxe4 26. fxe4 Rb2 27. Rg1 Qf7
0-1

[Event "Sveshnikots"]
[Site "SchemingMind.com"]
[Date "2007.10.19"]
[Round "-"]
[White "Orome"]
[Black "Lazaro"]
[Result "0-1"]
[WhiteCountry "SUI"]
[BlackCountry "CUB"]
[WhiteElo "1813"]
[WhiteRD "78"]
[BlackElo "1874"]
[BlackRD "51"]
[GameID "125193"]

1. e4 c5 2. Nf3 Nc6 3. d4 cxd4 4. Nxd4 Nf6 5. Nc3 e5 6. Ndb5 d6 7. Bg5 a6 8. Na3 b5 9. Bxf6 gxf6 10. Nd5 f5
11. Bxb5 axb5 12. Nxb5 Qa5+ 13. c3 Ra7 14. Nf6+ Kd8 15. Nxd6 Ke7 16. Nxc8+ Kxf6 17. Nxa7 Qxa7 18. exf5 Bc5 19. O-O h5 20. b4 Be7
0-1

[Event "Sveshnikots"]
[Site "SchemingMind.com"]
[Date "2007.10.19"]
[Round "-"]
[White "Orome"]
[Black "kisei"]
[Result "0-1"]
[WhiteCountry "SUI"]
[BlackCountry "HUN"]
[WhiteElo "1925"]
[WhiteRD "86"]
[BlackElo "2034"]
[BlackRD "71"]
[GameID "125194"]

1. e4 c5 2. Nf3 Nc6 3. d4 cxd4 4. Nxd4 Nf6 5. Nc3 e5 6. Ndb5 d6 7. Bg5 a6 8. Na3 b5 9. Bxf6 gxf6 10. Nd5 Bg7
11. c3 f5 12. exf5 Bxf5 13. Nc2 Ne7 14. Bd3 Be6 15. Nxe7 Qxe7 16. Be4 Rd8 17. Bc6+ Kf8 18. Nb4 d5 19. Nxa6 d4 20. cxd4 Rxd4
21. Qe2 Bc4 22. Qc2 Bh6 23. Rd1 b4 24. Nb8 b3 25. Nd7+ Qxd7
0-1

[Event "Sveshnikots"]
[Site "SchemingMind.com"]
[Date "2007.10.19"]
[Round "-"]
[White "Orome"]
[Black "javilez"]
[Result "1-0"]
[WhiteCountry "SUI"]
[BlackCountry "NCA"]
[WhiteElo "1925"]
[WhiteRD "86"]
[BlackElo "1742"]
[BlackRD "56"]
[GameID "125195"]

1. e4 c5 2. Nf3 Nc6 3. d4 cxd4 4. Nxd4 Nf6 5. Nc3 e5 6. Ndb5 a6 7. Nd6+ Bxd6 8. Qxd6 Qe7 9. Qxe7+ Nxe7 10. Bg5 Nfg8
11. Bc4 f6 12. Be3 b5 13. Nd5 Kd8 14. Bb6+ Ke8 15. Nc7+
1-0

[Event "Sveshnikots"]
[Site "SchemingMind.com"]
[Date "2007.10.21"]
[Round "-"]
[White "Orome"]
[Black "Schaakmaatje"]
[Result "0-1"]
[WhiteCountry "SUI"]
[BlackCountry "NED"]
[WhiteElo "1813"]
[WhiteRD "78"]
[BlackElo "1859"]
[BlackRD "52"]
[GameID "125196"]

1. e4 c5 2. Nf3 Nc6 3. d4 cxd4 4. Nxd4 Nf6 5. Nc3 e5 6. Ndb5 d6 7. Bg5 a6 8. Na3 b5 9. Bxf6 Qxf6 10. Nd5 Qd8
11. Bxb5 axb5 12. Nxb5 Qa5+ 13. c3 Be6 14. Nbc7+ Kd8 15. Nxa8 Qxa8 16. Qb3 Qa6 17. Qb6+ Qxb6 18. Nxb6 Be7 19. b4 f5 20. f3 fxe4
21. fxe4 Rf8 22. a4 Bg4 23. Rf1 Bf6 24. a5 Kc7 25. Nd5+ Kb7 26. b5 Ne7 27. a6+ Ka8 28. Nc7+ Ka7 29. Kd2 Rb8 30. Rfb1 Rb6
31. Ra4 Bh5 32. Nd5 Nxd5 33. exd5 Bf7 34. c4 Bg5+
0-1

[Event "Sveshnikots"]
[Site "SchemingMind.com"]
[Date "2007.10.19"]
[Round "-"]
[White "Orome"]
[Black "Stavrogin"]
[Result "0-1"]
[WhiteCountry "SUI"]
[BlackCountry "GER"]
[WhiteElo "1813"]
[WhiteRD "78"]
[BlackElo "2129"]
[BlackRD "82"]
[GameID "125197"]

1. e4 c5 2. Nf3 Nc6 3. d4 cxd4 4. Nxd4 Nf6 5. Nc3 e5 6. Ndb5 d6 7. Bg5 a6 8. Na3 b5 9. Bxf6 gxf6 10. Nd5 f5
11. Bxb5 axb5 12. Nxb5 Ra7 13. Nxa7 Nxa7 14. Qf3 Nc6 15. c3 f4 16. O-O Bg7 17. Qd3 Ne7 18. Rfd1 Nxd5 19. Qxd5 Bf8 20. c4 Rg8
21. c5 Bh3 22. g3 Rg6 23. c6 fxg3 24. hxg3 Qb6 25. Rd3 Rf6 26. Rd2 Rf3
0-1

[Event "Sveshnikots"]
[Site "SchemingMind.com"]
[Date "2007.10.19"]
[Round "-"]
[White "Orome"]
[Black "Manuel Angel"]
[Result "1-0"]
[WhiteCountry "SUI"]
[BlackCountry "ESP"]
[WhiteElo "1925"]
[WhiteRD "86"]
[BlackElo "1758"]
[BlackRD "73"]
[GameID "125198"]

1. e4 c5 2. Nf3 Nc6 3. d4 cxd4 4. Nxd4 Nf6 5. Nc3 e5 6. Ndb5 d6 7. Bg5 a6 8. Na3 b5 9. Bxf6 gxf6 10. Nd5 Bg7
11. c3 f5 12. exf5 Bxf5 13. Nc2 O-O 14. Nce3
1-0

[Event "Sveshnikots"]
[Site "SchemingMind.com"]
[Date "2007.10.19"]
[Round "-"]
[White "mikhailtal"]
[Black "Orome"]
[Result "1-0"]
[WhiteCountry "ENG"]
[BlackCountry "SUI"]
[WhiteElo "1863"]
[WhiteRD "71"]
[BlackElo "1813"]
[BlackRD "78"]
[GameID "125199"]

1. e4 c5 2. Nf3 Nc6 3. d4 cxd4 4. Nxd4 Nf6 5. Nc3 e5 6. Ndb5 d6 7. Bg5 a6 8. Na3 b5 9. Nd5 Qa5+ 10. Bd2 Qd8
11. c4 Nxe4 12. cxb5 Be6 13. Bc4 axb5 14. Nxb5 Qh4 15. O-O Nxd2 16. Qxd2 Qxc4 17. Ndc7+ Kd8 18. Rfc1 Qa4 19. Rxc6 Bd7 20. Rxd6 Bxd6
21. Qxd6
1-0

[Event "Sveshnikots"]
[Site "SchemingMind.com"]
[Date "2007.10.19"]
[Round "-"]
[White "jdcald13"]
[Black "Orome"]
[Result "1/2-1/2"]
[WhiteCountry "USA"]
[BlackCountry "SUI"]
[WhiteElo "1907"]
[WhiteRD "49"]
[BlackElo "1925"]
[BlackRD "86"]
[GameID "125200"]

1. e4 c5 2. Nf3 Nc6 3. d4 cxd4 4. Nxd4 Nf6 5. Nc3 e5 6. Ndb5 d6 7. Bg5 a6 8. Na3 b5 9. Nd5 Qa5+ 10. Bd2 Qd8
11. Nxf6+ Qxf6 12. c4 Qg6 13. cxb5 Qxe4+ 14. Qe2 Qxe2+ 15. Bxe2 Nd4 16. Rc1 Nxe2 17. Kxe2 axb5 18. Nxb5 Ba6 19. a4 Rb8 20. Rc6 Bxb5+
21. axb5 Rxb5 22. Rc8+ Kd7 23. Rhc1 Rc5 24. R1xc5 dxc5 25. Ra8 f6 26. b4 c4 27. Kd1 g5 28. Kc2 Kc6 29. Ra6+ Kb5 30. Rxf6 Bxb4
31. Bxb4 Kxb4 32. Rf5 Ra8 33. Rxe5 Ra2+ 34. Kb1 Rxf2 35. Rxg5 c3=
1/2-1/2

[Event "Sveshnikots"]
[Site "SchemingMind.com"]
[Date "2007.10.20"]
[Round "-"]
[White "Lazaro"]
[Black "Orome"]
[Result "1-0"]
[WhiteCountry "CUB"]
[BlackCountry "SUI"]
[WhiteElo "1874"]
[WhiteRD "51"]
[BlackElo "1813"]
[BlackRD "78"]
[GameID "125201"]

1. e4 c5 2. Nf3 Nc6 3. d4 cxd4 4. Nxd4 Nf6 5. Nc3 e5 6. Ndb5 d6 7. Bg5 a6 8. Na3 b5 9. Nd5 Qa5+ 10. Bd2 Qd8
11. Bg5 Be7 12. Bxf6 Bxf6 13. c4 b4 14. Nc2 a5 15. Nxf6+ Qxf6 16. Qd3 O-O 17. Be2 Rd8 18. O-O Bb7 19. Rad1 Ne7 20. Ne3
1-0

[Event "Sveshnikots"]
[Site "SchemingMind.com"]
[Date "2007.10.19"]
[Round "-"]
[White "kisei"]
[Black "Orome"]
[Result "1-0"]
[WhiteCountry "HUN"]
[BlackCountry "SUI"]
[WhiteElo "2034"]
[WhiteRD "71"]
[BlackElo "1925"]
[BlackRD "86"]
[GameID "125202"]

1. e4 c5 2. Nf3 Nc6 3. d4 cxd4 4. Nxd4 Nf6 5. Nc3 e5 6. Ndb5 d6 7. Bg5 a6 8. Na3 b5 9. Nd5 Qa5+ 10. Bd2 Qd8
11. Bd3 Be7 12. c4 bxc4 13. Nxc4 Nxd5 14. exd5 Nb8 15. Ba5 Qd7 16. Nb6 Qd8 17. Rc1 Bd7 18. b4 Ra7 19. Na4 Bxa4 20. Qxa4+
1-0

[Event "Sveshnikots"]
[Site "SchemingMind.com"]
[Date "2007.10.19"]
[Round "-"]
[White "javilez"]
[Black "Orome"]
[Result "0-1"]
[WhiteCountry "NCA"]
[BlackCountry "SUI"]
[WhiteElo "1742"]
[WhiteRD "56"]
[BlackElo "1925"]
[BlackRD "86"]
[GameID "125203"]

1. e4 c5 2. Nf3 Nc6 3. d4 cxd4 4. Nxd4 Nf6 5. Nc3 e5 6. Ndb5 d6 7. Bg5 a6 8. Na3 b5 9. Nd5 Qa5+ 10. Bd2 Qd8
11. Bg5 Be7 12. Bxf6 Bxf6 13. c3 O-O 14. Qd3 Bg5 15. Be2 f5
0-1

[Event "Sveshnikots"]
[Site "SchemingMind.com"]
[Date "2007.10.22"]
[Round "-"]
[White "Schaakmaatje"]
[Black "Orome"]
[Result "1-0"]
[WhiteCountry "NED"]
[BlackCountry "SUI"]
[WhiteElo "1803"]
[WhiteRD "57"]
[BlackElo "1925"]
[BlackRD "86"]
[GameID "125204"]

1. e4 c5 2. Nf3 Nc6 3. d4 cxd4 4. Nxd4 Nf6 5. Nc3 e5 6. Ndb5 d6 7. Nd5 Nxd5 8. exd5 Nb8 9. Qf3 Be7 10. Qa3 Na6
11. Be3 b6 12. Be2 Nc5 13. b4 Nd7 14. c4 Bb7 15. O-O a6 16. Nc3 f5 17. f4 e4 18. Qb3 a5 19. a3 Bf6 20. Rac1 Qc7
21. Nb5 Qd8 22. Nxd6+
1-0